| 000 | 00496nam a2200181Ia 4500 | ||
|---|---|---|---|
| 001 | 68344 | ||
| 008 | 150918s9999 xx 000 0 und d | ||
| 020 | _a0871964775 | ||
| 040 | _cPK-LaUMT | ||
| 082 |
_aRCC 509 _bHIS- |
||
| 100 | _aMarcorini, Edgardo | ||
| 245 | 4 |
_aThe history science and technology _ba narrative chronology _cMarcorini, Edgardo |
|
| 260 |
_aNew York,USA: _bFacts on file, _c1988 |
||
| 501 | _a2 vols. | ||
| 546 | _aEN | ||
| 650 | _aPrehistory and protohistory | ||
| 942 | _cBK | ||
| 999 |
_c75949 _d75949 |
||